Neural and massively parallel computers. The sixth generation /

Na minha lista:
Detalhes bibliográficos
Main Authors: Souček, Branko (Author), Souček, Marina (Author)
Formato: Livro
Idioma:inglês
Publicado em: New York : John Wiley & Sons, 1988
Tags: Adicionar Tag
Sem tags, seja o primeiro a adicionar uma tag!

MARC

LEADER 00000nam a22000003a 4500
001 stu94
005 20190206124403.1
008 910315s1988----xxu-----------------eng-d
020 |a 0-471-63533-2 
040 |a STU  |b slo 
041 0 |a eng 
044 |a xxu 
080 |a 681.3 
100 1 |a Souček, Branko  |4 aut 
245 1 |a Neural and massively parallel computers. The sixth generation /  |c [aut.] Souček,Branko; Souček,Marina 
260 |a New York :  |b John Wiley & Sons,  |c 1988 
300 |a 457 s 
700 1 |a Souček, Marina  |4 aut 
996 |c I*7PS4459  |l I  |s A  |a 24  |w stu94_0001